000
00300nam a2200157Ia 4500
100
_a
Deb/Sandipan
942
_c
BK
366
_f
17.5
654
_a
IIT
245
_a
The IITians
260
_b
Penquin books
_c
2004
082
_a
379/DEB
_b
DEB
300
_a
375
546
_a
ENGLISH
999
_c
18798
_d
18798